: چشم نقش قدم (Record no. 106058)

MARC details
000 -LEADER
fixed length control field 00921nam a22002537a 4500
005 - DATE AND TIME OF LATEST TRANSACTION
control field 20170123162302.0
010 ## - LIBRARY OF CONGRESS CONTROL NUMBER
LC control number B-208839
020 ## - INTERNATIONAL STANDARD BOOK NUMBER
Terms of availability 80.00
International Standard Book Number 8182231590
035 ## - SYSTEM CONTROL NUMBER
System control number B-208839
037 ## - SOURCE OF ACQUISITION
Source of stock number/acquisition Cen Lib/Ret
040 ## - CATALOGING SOURCE
Original cataloging agency DPL
Language of cataloging UR
082 ## - DEWEY DECIMAL CLASSIFICATION NUMBER
Classification number 840.8
Item number ت ر ن
100 ## - MAIN ENTRY--PERSONAL NAME
Personal name ترنمّ ریاض
9 (RLIN) 141872
245 ## - TITLE STATEMENT
Title : چشم نقش قدم
Statement of responsibility, etc ترنمّ ریاض
Remainder of title /تنقید اور تحقیقی مضامین
246 ## - VARYING FORM OF TITLE
Title proper/short title Chasham-e-naqasha-e-qadam : tanqueed aur tahqeeqi mazameen /
Remainder of title by tarannum Riyaz
260 ## - PUBLICATION, DISTRIBUTION, ETC. (IMPRINT)
Place of publication, distribution, etc دہلی
Name of publisher, distributor, etc ایجوکیشنل پبلشنگ ہاؤس
Date of publication, distribution, etc 2006
270 ## - ADDRESS
Address گلی وکیل، کچہ پنڈت، لال کان
City دہلی
Postal code 110006
300 ## - PHYSICAL DESCRIPTION
Extent 102p.
Dimensions 22cm(Hb)
650 ## - SUBJECT ADDED ENTRY--TOPICAL TERM
Topical term or geographic name as entry element اردو ادب
General subdivision
Geographic subdivision
9 (RLIN) 141873
650 ## - SUBJECT ADDED ENTRY--TOPICAL TERM
Topical term or geographic name as entry element اردو تنقید
Form subdivision
9 (RLIN) 141874
650 ## - SUBJECT ADDED ENTRY--TOPICAL TERM
Topical term or geographic name as entry element Urdu adab
9 (RLIN) 141875
650 ## - SUBJECT ADDED ENTRY--TOPICAL TERM
Topical term or geographic name as entry element Urdu Tanqueed
9 (RLIN) 141876
942 ## - ADDED ENTRY ELEMENTS (KOHA)
Source of classification or shelving scheme Dewey Decimal Classification
Koha item type Urdu Bks
Classification part 841
Call number prefix ت ر ن
Holdings
Withdrawn status Lost status Damaged status Not for loan Home library Current library Date acquired Source of acquisition Cost, normal purchase price Total Checkouts Full call number Barcode Date last seen Copy number Cost, replacement price Price effective from Koha item type
        Central Library Central Library 20/06/2015 Cen Lib/Ret 80.00   840.8 ت ر ن B-208839 20/06/2015 1 80.00 15/09/2016 Urdu Bks

© Delhi Public Library
Hit Counter
free hit counter